000 00275nam a22001097a 4500
082 _a150/SCO
100 _aScott S. J. and Davenport , Barrie
_982824
245 _a10- MINUTE MINDFULNESS
260 _aMumbai
_JJaico Publishing House
_c2023
650 _aPhilosophy
942 _cBK
999 _c67549
_d67549